000 00983nam a2200229 i 4500
001 154904
003 ES-MaACL
005 20250916194348.0
008 990617s1886 sp c |||| | spa d
100 1 _aGuilbert, Aimé-Victor-François.
_9127617
245 1 3 _aLa democracia y su porvenir social y religioso /
_cpor Monseñor Guilbert ; primera versión al castellano por Eloy Perillán y Buxó ; con un prólogo de D. Emilio Castelar.
250 _a2ª ed.
260 _aMadrid :
_bDirección de El Tribuno,
_c1886 (
_fEstab. Tip. Sucesores de Rivadeneyra)
300 _a86 p. :
_b[1] lám. retr. ;
_c21 cm.
597 _aAntep.
599 _aRetr. de Monseñor Guilbert en v. de antep.
650 _aDemocracia-
_xAspectos religiosos.
_9172947
700 1 _aPerillan Buxó, Eloy,
_d1848-1889
_9131025
700 1 _aCastelar, Emilio,
_d1832-1899
_936479
852 _aES-MaACL
_jT-426-F-7
_z- Enc. hol.
_z- Enc. en un vol. facticio
999 _c154904
_d154904